000 00514nam a2200181Ia 4500
003 GCL
008 140319s9999 xx 000 0 ara d
040 _aGCL /
_cGCL
082 0 4 _a301.412
_bع ا
100 1 _aعادل رفقى عوض
245 1 0 _aالمراه وحماية البيئة /
_cعادل رفقى عوض
300 _a203 ص
490 _a100 قصة
_v0
650 0 4 _aالمرأة
650 0 4 _aالمرأة فى الحياة العامة
650 0 4 _aتعليم المراة
942 _2ddc
_cBK
999 _c46557
_d46557